000 00780nac a22002171u 4500
010 _a 51000366
035 _a(OCoLC)660545
082 _a621.101
_bP334
090 _c3481
_d3481
100 _aPeck, William John.
245 1 0 _aApplied thermodynamics problems for engineers,
_cby W. J. Peck and A. J. Richmond.
260 _aLondon,
_bE. Arnold
_c[1954]
300 _aviii, 344 p.
_bdiagrs.
_c23 cm.
500 _aDonations.
500 _aDonations - Bibliotheca Alexandrina.
504 _aIncludes Index.
650 0 _aThermodynamics
_xProblems, exercises, etc.
700 1 _aRichmond, Alan James,
942 _cBB
_k621.101P334
999 _c3481
_d3481